Acquisition of technological capability in small firms in developing countries (Record no. 1288133)

MARC details
000 -LEADER
fixed length control field 00579nam a2200193Ia 4500
005 - DATE AND TIME OF LATEST TRANSACTION
control field 20250326140958.0
008 - FIXED-LENGTH DATA ELEMENTS--GENERAL INFORMATION
fixed length control field 250326s9999 xx 000 0 und d
020 ## - INTERNATIONAL STANDARD BOOK NUMBER
International Standard Book Number 0-333-73219-7
037 ## - SOURCE OF ACQUISITION
Stock number Textbook
040 ## - CATALOGING SOURCE
Original cataloging agency FMSL
Language of cataloging eng
Transcribing agency FMSL
041 ## - LANGUAGE CODE
Language code of text/sound track or separate title eng
Source of code eng
084 ## - COLON CLASSIFICATION NUMBER
Classification number X:74.4 N9
Assigning agency FMSL
100 ## - MAIN ENTRY--PERSONAL NAME
Personal name Romijn Henny
9 (RLIN) 743494
245 #0 - TITLE STATEMENT
Title Acquisition of technological capability in small firms in developing countries
Statement of responsibility, etc. Romijn Henny
260 ## - PUBLICATION, DISTRIBUTION, ETC.
Place of publication, distribution, etc. London
Name of publisher, distributor, etc. London, Macmillian
Date of publication, distribution, etc. 1999
300 ## - PHYSICAL DESCRIPTION
Extent xii,374
942 ## - ADDED ENTRY ELEMENTS (KOHA)
Koha item type Textbook
Classification part X:74.4 N9
Holdings
Withdrawn status Lost status Damaged status Not for loan Home library Current library Date acquired Total Checkouts Full call number Barcode Date last seen Price effective from Koha item type
        Faculty of Management Library Faculty of Management Library 2025-03-26   X:74.4 N9 ML1142069 2025-03-26 2025-03-26 Textbook
Copyright @ Delhi University Library System